[Event "Athens Smaok op 5th"]
[Site "Athens"]
[Date "2010.04.09"]
[Round "3.14"]
[White "Soursos, Panayotis"]
[Black "Merkouris, Panagiotis"]
[Result "0-1"]
[WhiteElo "1730"]
[BlackElo "1968"]
[PlyCount "62"]
[EventDate "2010.03.16"]
[EventType "swiss"]
[EventRounds "7"]
[EventCountry "GRE"]
[SourceTitle "EXT 2024"]
[Source "ChessBase"]
[SourceDate "2023.10.10"]
[SourceVersion "1"]
[SourceVersionDate "2023.10.10"]
[SourceQuality "1"]

1. d4 Nf6 2. Nf3 e6 3. c4 c5 4. Nc3 cxd4 5. Nxd4 Nc6 6. Nxc6 bxc6 7. e4 Bb4 8. Bd3 0-0 9. 0-0 Bxc3 10. bxc3 Qa5 11. Qc2 Ba6 12. h3 Rfc8 13. Bd2 d5 14. exd5 cxd5 15. cxd5 Bxd3 16. Qxd3 Qxd5 17. Qxd5 Nxd5 18. Rfc1 Rc4 19. Rab1 Rac8 20. Rb3 a5 21. Kf1 h6 22. Ke2 Re4+ 23. Kd3 Nf6 24. Re1 Rd8+ 25. Kc2 Rc4 26. Be3 Nd5 27. a3 a4 28. Rb4 Rxc3+ 29. Kb2 Rdc8 30. Rxa4 Rc2+ 31. Ka1 Nc3 0-1

[Event "Athens Smaok op 5th"]
[Site "Athens"]
[Date "2010.03.23"]
[Round "2"]
[White "Anastasopoulos, Spyros"]
[Black "Soursos, Panayotis"]
[Result "1-0"]
[WhiteElo "2148"]
[BlackElo "1730"]
[PlyCount "51"]
[EventDate "2010.03.16"]
[EventType "swiss"]
[EventRounds "7"]
[EventCountry "GRE"]
[SourceTitle "EXT 2011"]
[Source "ChessBase"]
[SourceDate "2010.11.26"]
[SourceVersion "1"]
[SourceVersionDate "2010.11.26"]
[SourceQuality "1"]

1. e4 c5 2. Nf3 d6 3. d4 cxd4 4. Nxd4 Nf6 5. Nc3 Nbd7 6. Be3 a6 7. f3 e6 8. Qd2 Qc7 9. g4 Ne5 10. g5 Nfd7 11. f4 Nc4 12. Bxc4 Qxc4 13. h4 b5 14. a3 Bb7 15. 0-0-0 Rc8 16. h5 b4 17. axb4 Qxb4 18. g6 Nb6 19. Nb3 Be7 20. Qd4 Qxd4 21. Bxd4 Nc4 22. Bxg7 Rg8 23. gxh7 Kd7 24. hxg8Q Rxg8 25. h6 Bf8 26. h7 1-0

[Event "Athens Smaok op 4th"]
[Site "Athens"]
[Date "2010.02.02"]
[Round "4"]
[White "Soursos, Panayotis"]
[Black "Sarakenidis, Nikolaos"]
[Result "0-1"]
[WhiteElo "1730"]
[BlackElo "1879"]
[PlyCount "116"]
[EventDate "2010.01.12"]
[EventType "swiss"]
[EventRounds "7"]
[EventCountry "GRE"]
[SourceTitle "EXT 2011"]
[Source "ChessBase"]
[SourceDate "2010.11.26"]
[SourceVersion "1"]
[SourceVersionDate "2010.11.26"]
[SourceQuality "1"]

1. d4 Nf6 2. Nf3 e6 3. c4 Bb4+ 4. Bd2 c5 5. Bxb4 cxb4 6. g3 0-0 7. Bg2 Qe7 8. 0-0 d6 9. Nbd2 e5 10. Rc1 Nc6 11. d5 Nb8 12. Qc2 Na6 13. Nb3 b6 14. Nfd2 Nc5 15. Nxc5 bxc5 16. a3 a5 17. axb4 axb4 18. Ra1 Bg4 19. Nb3 Qd7 20. f3 Bf5 21. e4 Bg6 22. Na5 Nh5 23. Nc6 f5 24. Rxa8 Rxa8 25. exf5 Be8 26. Qc1 h6 27. Qe3 Qf7 28. Qd3 Nf6 29. f4 exf4 30. Rxf4 Qh5 31. Rf1 Bd7 32. Qf3 Qg5 33. Qf4 Qxf4 34. Rxf4 Ra2 35. Rf2 Ra1+ 36. Rf1 Ra2 37. b3 Rb2 38. Na5 Ng4 39. Rf3 Rb1+ 40. Rf1 Rb2 41. Rf3 Bxf5 42. Rxf5 Rxg2+ 43. Kxg2 Ne3+ 44. Kf2 Nxf5 45. Nb7 Kf8 46. g4 Nd4 47. Nxd6 Nxb3 48. Ne4 Na5 49. Ke2 Nxc4 50. Nxc5 Ke7 51. Ne4 b3 52. Kd3 b2 53. Kc2 g5 54. h3 Ne3+ 55. Kxb2 Nxd5 56. Kc2 Ke6 57. Nf2 Ke5 58. Kd3 Kf4 0-1

[Event "Athens Smaok op 8th"]
[Site "Athens"]
[Date "2008.09.26"]
[Round "2.8"]
[White "Soursos, Panayotis"]
[Black "Geroukalis, Athanasios"]
[Result "0-1"]
[WhiteElo "1648"]
[BlackElo "1993"]
[PlyCount "106"]
[EventDate "2008.09.20"]
[EventType "swiss"]
[EventRounds "4"]
[EventCountry "GRE"]
[SourceTitle "EXT 2024"]
[Source "ChessBase"]
[SourceDate "2023.10.10"]
[SourceVersion "1"]
[SourceVersionDate "2023.10.10"]
[SourceQuality "1"]

1. d4 d5 2. e3 Nf6 3. Nf3 Bg4 4. h3 Bxf3 5. Qxf3 e6 6. Bb5+ c6 7. Bd3 Be7 8. 0-0 0-0 9. Nd2 Nbd7 10. e4 dxe4 11. Nxe4 Nxe4 12. Bxe4 Nf6 13. Be3 Nxe4 14. Qxe4 Qd5 15. Qg4 Rad8 16. b3 b5 17. Rac1 f5 18. Qe2 f4 19. Bd2 f3 20. gxf3 Rxf3 21. Rce1 Kf7 22. Qe4 Rxh3 23. Qxd5 Rxd5 24. Kg2 Rhh5 25. Re4 e5 26. Be3 exd4 27. Rxd4 Rxd4 28. Bxd4 Bc5 29. Bc3 Rf5 30. f3 Rg5+ 31. Kh3 Rg1 32. Rxg1 Bxg1 33. Kg4 g6 34. a4 a6 35. Bd2 Bc5 36. Kg5 h5 37. Kh4 Kf6 38. Bc3+ Kf5 39. Bd2 Bf2+ 40. Kh3 g5 41. Kg2 Bb6 42. Kh3 Bc7 43. Be3 Bf4 44. Bb6 Ke6 45. axb5 cxb5 46. c4 bxc4 47. bxc4 Kd6 48. Bd4 a5 49. Kg2 a4 50. Kf1 a3 51. Ke2 a2 52. Kd1 Be5 53. c5+ Kd5 0-1